书目信息 |
| 题名: |
模拟集成电路与系统
|
|
| 作者: | 池保勇 编著 | |
| 分册: | ||
| 出版信息: | 北京 清华大学出版社 2009 |
|
| 页数: | 15,563页 | |
| 开本: | 23cm | |
| 丛书名: | ||
| 单 册: | ||
| 中图分类: | TN431.1 | |
| 科图分类: | ||
| 主题词: | 模拟集成电路--高等学校--教材 , 模拟集成电路 | |
| 电子资源: | ||
| ISBN: | 978-7-302-19877-2 | |
| 000 | 01048nam0 2200265 450 | |
| 001 | 100428599016 | |
| 005 | 20110111090929.66 | |
| 010 | @a978-7-302-19877-2@dCNY53.00 | |
| 100 | @a20090727d2009 em y0chiy0110 ea | |
| 101 | 0 | @achi |
| 102 | @aCN@b110000 | |
| 105 | @ay z 000yy | |
| 106 | @ar | |
| 200 | 1 | @a模拟集成电路与系统@Amo ni ji cheng dian lu yu xi tong@dAnalog integrated circuits and systems@f池保勇编著@zeng |
| 210 | @a北京@c清华大学出版社@d2009 | |
| 215 | @a15,563页@d23cm | |
| 300 | @a普通高等教育“十一五”国家级规划教材 北京高等教育精品教材 清华大学信息科学技术学院教材——微电子光电子系列 | |
| 330 | @a本书在介绍基本概念和基本分析方法的基础上,着重讨论模拟集成电路设计中的各种考虑因素以及提高性能的措施,并介绍了各种基本电路单元的设计方法。 | |
| 510 | 1 | @aAnalog integrated circuits and systems@zeng |
| 606 | 0 | @a模拟集成电路@x高等学校@j教材 |
| 606 | 0 | @a模拟集成电路 |
| 690 | @aTN431.1@v4 | |
| 701 | 0 | @a池保勇@Achi bao yong@4编著 |
| 801 | 0 | @aCN@bSYL@c20110111 |
| 905 | @b205973516-543@h597351-54@dTN431.1@e125@f4 | |
| 模拟集成电路与系统=Analog integrated circuits and systems/池保勇编著.-北京:清华大学出版社,2009 |
| 15,563页;23cm |
| 普通高等教育“十一五”国家级规划教材 北京高等教育精品教材 清华大学信息科学技术学院教材——微电子光电子系列 |
| ISBN 978-7-302-19877-2:CNY53.00 |
| 本书在介绍基本概念和基本分析方法的基础上,着重讨论模拟集成电路设计中的各种考虑因素以及提高性能的措施,并介绍了各种基本电路单元的设计方法。 |
| ● |
| 相关链接 |
|
|
|
|
正题名:模拟集成电路与系统
索取号:TN431.1/125
 
预约/预借
| 序号 | 登录号 | 条形码 | 馆藏地/架位号 | 状态 | 备注 |
| 1 | 597351 | 205973516 | 第二样本阅览室/ [索取号:TN431.1/125] | 在馆 | |
| 2 | 597352 | 205973525 | 第三借阅区/ [索取号:TN431.1/125] | 在馆 | |
| 3 | 597353 | 205973534 | 第三借阅区/ [索取号:TN431.1/125] | 在馆 | |
| 4 | 597354 | 205973543 | 第三借阅区/ [索取号:TN431.1/125] | 在馆 |